| 000 | 01023nam a22003137a 4500 | ||
|---|---|---|---|
| 003 | OSt | ||
| 005 | 20260327110432.0 | ||
| 008 | 260327b |||||||| |||| 00| 0 eng d | ||
| 020 | _a9780357883235 | ||
| 040 | _cHS LRC | ||
| 050 |
_aQA 76.9.C64 _b.C187 2026 |
||
| 100 |
_aCampbell, Jennifer T. _9112626 |
||
| 245 |
_aTechnology for success : _bcomputer concepts / _cJennifer T. Campbell, Mark Ciampa, Barbara Clemens, Steven M. Freund, Mark Frydenberg, Ralph E. Hooper, Lisa Ruffolo, Jill West |
||
| 250 | _a2nd ed. | ||
| 260 |
_aAustralia : _bCengage, _cc2026. |
||
| 265 | _aFFB | ||
| 300 |
_axx, 413 pages : _bcolor illustrations ; _c28 cm. |
||
| 365 | _b9,460.00 | ||
| 504 | _aIncludes index. | ||
| 650 |
_aComputer literacy _933905 |
||
| 700 |
_aCiampa, Mark _978878 |
||
| 700 |
_aClemens, Barbara _9131505 |
||
| 700 |
_aFreund, Steven M. _9108296 |
||
| 700 |
_aFrydenberg, Mark _9125515 |
||
| 700 |
_aHooper, Ralph E. _9131506 |
||
| 700 |
_aRuffolo, Lisa _924324 |
||
| 700 | _aWest, Jill | ||
| 942 |
_2lcc _cBK |
||
| 999 |
_c94031 _d94031 |
||